Statistiken für Die 20 bevölkerungsreichsten Länder der Welt 2020

Klicken Sie hier um das Quiz zu spielen!

Allgemein

  • Dieses Quiz wurde 467 mal gespielt
  • Das Durchschnittsergebnis liegt bei 16 aus 20

Antwortstatistiken

RanglisteBevölkerung ca.Länder% Korrekt
1.1411 MillionenChina
100%
2.1393 MillionenIndien
99%
3.334 MillionenUSA
98%
19.81 MillionenDeutschland
97%
5.217 MillionenBrasilien
95%
9.147 MillionenRussland
94%
4.274 MillionenIndonesien
89%
11.126 MillionenJapan
88%
10.136 MillionenMexiko
87%
7.207 MillionenNigeria
83%
6.209 MillionenPakistan
82%
14.102 MillionenÄgypten
80%
8.171 MillionenBangladesch
76%
18.84 MillionenIran
72%
17.85 MillionenTürkei
71%
16.90 MillionenDemokratische Republik Kongo
66%
20.69 MillionenThailand
65%
12.112 MillionenÄthiopien
62%
15.99 MillionenVietnam
61%
13.109 MillionenPhilippinen
60%

Verteilung der Resultate

Perzentil nach korrekt beantworteten Fragen

Anzahl Personen mit jedem Resultat

Ihre Resultats-Entwicklung

Sie haben dieses Quiz noch nicht gespielt